LEADER 00915nam a2200241 i 4500 001 000000051964 003 CaOOAMICUS 005 20220126115517.0 008 031029s1939 it u000 u ita u 013 $a23136 040 $aSeMil$bita 245 00$a3: Breve commento di tutto l'indice. 264 1$aMilano :$bPro Familia,$c1939. 300 $a410 p. ;$c22 cm 541 $aFondo card. Carlo Maria Martini 700 1 $aCasati, Giovanni.$0(OLS)http://semarc/name/1063 773 0 $aCasati, Giovanni$tIndice dei libri proibiti.$dMilano : Pro Familia, 1936-1939.$g3$w()1209 850 $aSeMil 852 $aSeMil$W1$xVenegono$y1$m2H I 45$j18119$B18119$CSeMilBibl$Z2$F18120 $81 961 $aFondo Card. Carlo Maria Martini 996 $6245$a3: Breve commento di tutto l'indice$9(OLS)http://semarc/title/79649 996 $6264$aMilano :$bPro Familia$9(OLS)http://semarc/publisher/30182 LEADER 02700nam a2200325 i 4500 001 000000335265 003 CaOOAMICUS 005 20260415081812.0 008 190722s2019 it u000 u ita u 013 $a237943 020 $a978-88-394-0935-5 040 $aSeMil$bita 100 1 $aJohnson, Matthew V.$0(OLS)http://semarc/name/109953 240 10$aOnesimus our brother.$0(OLS)http://semarc/title/424757 245 10$aOnesimo nostro fratello :$breligione, etnia e cultura nella lettera a Filemone /$cMatthews V. Johnson, James A. Noel, Demetrius K. Williams. 264 1$aTorino :$bPaideia,$c2019. 300 $a307 p. ;$c22 cm. 490 0 $aStudi biblici ;$v197 520 2 $aGli autori dei saggi raccolti in questo volume sono cinque pastori e docenti di Nuovo Testamento in varie università evangeliche, ai quali si sono accompagnati un insegnante di letterature comparate e una studiosa della problematica di genere in letteratura e nelle arti drammatiche, tutti afroamericani. In una lunga storia dell'interpretazione della lettera a Filemone in cui hanno dominato la scena perlopiù Paolo stesso oppure Filemone, padrone di schiavi, la raccolta di saggi che qui si pubblica si distingue per mettere al centro la persona per la quale la lettera fu scritta: Onesimo, schiavo. Questo cambiamento di prospettiva porta a toccare con mano come la lettera paolina abbia conosciuto una storia alquanto tumultuosa e molto meno lineare di quanto comunemente si pensi, soprattutto fuori dell'Europa. Da punti di vista diversi, i vari studi mostrano come - nonostante l'abuso abominevole che si è potuto fare della lettera a sostegno della causa schiavista - Paolo pur in un'ambiguità che non dissipa hasempre tenuto fermo che senza la carne, e la carne dello schiavo ristabilito nella sua giustizia, non può esserci riconciliazione. 650 04$aBibbia - Tema [della] Schiavitù.$0(OLS)http://semarc/subject/42165 650 04$aBibbia. Nuovo Testamento. Lettera a Filemone - Commentari, studi, critica, interpretazioni.$0(OLS)http://semarc/subject/12452 700 1 $aNoel. James A.$0(OLS)http://semarc/name/109954 700 1 $aWilliams, Demetrius K.$0(OLS)http://semarc/name/109955 830 0$aStudi biblici ;$v197.$0(OLS)http://semarc/title/33 850 $aSeMil 852 $aSeMil$W1$xVenegono$y1$m2WA A 197$j231332$B227225$CSeMilBibl$Z2$F227225 $81 996 $6020$a978-88-394-0935-5$9(OLS)http://semarc/number/288081 996 $6245$aOnesimo nostro fratello :$breligione, etnia e cultura nella lettera a Filemone$9(OLS)http://semarc/title/424758 996 $6264$aTorino :$bPaideia$9(OLS)http://semarc/publisher/55649